Animated Movies by Picture - M - Statistics

General Stats
  • This quiz has been taken 451 times
  • The average score is 8 of 12
Answer Stats
Picture Answer % Correct
Minions
99%
Madagascar
98%
Mulan
97%
Moana
96%
Monsters, Inc.
95%
Megamind
87%
Monsters vs Aliens
59%
Mr. Peabody & Sherman
55%
My Neighbour Totoro
55%
Meet the Robinsons
53%
The Mitchells vs. the Machines
30%
Mary and the Witch’s Flower
6%
No matching quizzes found
Score Distribution
Percent of People with Each Score
Percentile by Number Answered
Your Score History
You have not taken this quiz